| 000 | 00399cam a22001217a 4500 | ||
|---|---|---|---|
| 008 | 180718b1960 xxu||||| |||| 00| 0 eng d | ||
| 082 | _aX3x42 Un3 | ||
| 100 | _aAlersey- Williams, A.G. | ||
| 245 |
_aNoise in factories _cby A.G. Alersey- Williams |
||
| 260 |
_aLondon _bHer Majesty's Stationery Office _c1960 |
||
| 300 | _a25+p. | ||
| 700 | _aUnited Kingdom. Department of Scientific & Industrial Rsearch | ||
| 999 |
_c425363 _d425363 |
||